| 000 -LEADER |
| fixed length control field |
01509cac a22003735a 4500 |
| 001 - CONTROL NUMBER |
| control field |
11717819 |
| 003 - CONTROL NUMBER IDENTIFIER |
| control field |
Nust |
| 005 - DATE AND TIME OF LATEST TRANSACTION |
| control field |
20190422111429.0 |
| 007 - PHYSICAL DESCRIPTION FIXED FIELD--GENERAL INFORMATION |
| fixed length control field |
m| ||||||||||||||------ |
| 008 - FIXED-LENGTH DATA ELEMENTS--GENERAL INFORMATION |
| fixed length control field |
980710s1997 xx 108 mleng |
| 010 ## - LIBRARY OF CONGRESS CONTROL NUMBER |
| LC control number |
98510909 |
| 017 ## - COPYRIGHT OR LEGAL DEPOSIT NUMBER |
| Copyright or legal deposit number |
PA871-871 |
| Assigning agency |
U.S. Copyright Office |
| 020 ## - INTERNATIONAL STANDARD BOOK NUMBER |
| International Standard Book Number |
9781853262715 |
| 038 ## - RECORD CONTENT LICENSOR |
| Staff Name |
Arshad |
| 040 ## - CATALOGING SOURCE |
| Original cataloging agency |
DLC |
| Transcribing agency |
DLC |
| Description conventions |
amim |
| Modifying agency |
DLC |
| 041 1# - LANGUAGE CODE |
| Language code of text/sound track or separate title |
eng |
| Language code of summary or abstract |
ruseng |
| 050 00 - LIBRARY OF CONGRESS CALL NUMBER |
| Classification number |
CGC 6307-6312 (ref print) |
| 082 ## - DEWEY DECIMAL CLASSIFICATION NUMBER |
| Classification number |
823 |
| Author Mark |
TOL |
| 245 00 - TITLE STATEMENT |
| Title |
Leo Tolstoy's Anna Karenina / |
| Statement of responsibility, etc. |
produced by Icon Productions and Newmarket Capital Group, LP ; directed and screenplay by Bernard Rose ; produced by Bruce Davey. |
| 260 ## - PUBLICATION, DISTRIBUTION, ETC. |
| Place of publication, distribution, etc. |
United States : |
| Name of publisher, distributor, etc. |
Warner Brothers, |
| Date of publication, distribution, etc. |
1997. |
| 300 ## - PHYSICAL DESCRIPTION |
| Extent |
813p. |
| 500 ## - GENERAL NOTE |
| General note |
Copyright: Icon Distribution, Inc. Appl. au.: Anna K. Production, CV. DCR 1997; PUB 4Apr97; REG 23Sep97; PA871-871. |
| 500 ## - GENERAL NOTE |
| General note |
In English with some Russian & some English subtitles. |
| 500 ## - GENERAL NOTE |
| General note |
Based on the novel "Anna Karenina" by Leo Tolstoy. |
| 500 ## - GENERAL NOTE |
| General note |
Sources used: copyright data sheet; Baseline data base; copyright data base. |
| 541 ## - IMMEDIATE SOURCE OF ACQUISITION NOTE |
| Materials specified |
ref print; |
| 651 ## - SUBJECT ADDED ENTRY--GEOGRAPHIC NAME |
| Geographic name |
Fiction |
| 9 (RLIN) |
542 |
| 655 #7 - INDEX TERM--GENRE/FORM |
| Genre/form data or focus term |
Historic |
| Form subdivision |
Feature. |
| Source of term |
migfg |
| 9 (RLIN) |
14137 |
| 655 #7 - INDEX TERM--GENRE/FORM |
| Genre/form data or focus term |
Film adaptations. |
| Source of term |
lcgft |
| 9 (RLIN) |
13595 |
| 655 #7 - INDEX TERM--GENRE/FORM |
| Genre/form data or focus term |
Romance films. |
| Source of term |
lcgft |
| 9 (RLIN) |
13594 |
| 710 2# - ADDED ENTRY--CORPORATE NAME |
| Corporate name or jurisdiction name as entry element |
Copyright Collection (Library of Congress) |
| Institution to which field applies |
DLC |
| 9 (RLIN) |
985 |
| 906 ## - LOCAL DATA ELEMENT F, LDF (RLIN) |
| a |
0 |
| b |
ibc |
| c |
orignew |
| d |
u |
| e |
ncip |
| f |
19 |
| g |
y-movingim |
| 942 ## - ADDED ENTRY ELEMENTS (KOHA) |
| Source of classification or shelving scheme |
|
| Koha item type |
Book |